| 000 | 00777nam a2200253 a 4500 | ||
|---|---|---|---|
| 008 | |||
| 020 | _a0198504039 (cased) | ||
| 049 | _aMAIN | ||
| 090 | _aRM301.15 | ||
| 100 | 1 | _aStone, Trevor. | |
| 245 | 1 | 0 |
_aPills, potions, and poisons : _bhow drugs work / _cTrevor Stone and Gail Darlington. |
| 260 |
_aOxford : _bOxford University Press, _c2000. |
||
| 300 |
_axvi, 476 p. : _bill. ; _c25 cm. |
||
| 504 | _aIncludes bibliographical references. | ||
| 500 | _aIncludes index. | ||
| 650 | 0 |
_aDrugs _vPopular works. |
|
| 650 | 0 |
_aPharmacology _vPopular works. |
|
| 700 | 1 | _aDarlington, Gail. | |
| 907 |
_a.b1012827x _b10-05-13 _c21-06-04 |
||
| 003 | |||
| 005 | 20230120203828.0 | ||
| 040 | _cNUST | ||
| 942 |
_cBOOKS _kRM301.15 |
||
| 999 |
_c112220 _d112220 |
||